|
|
|
|
| LEADER |
00000nas a2200000 a 4500 |
| 001 |
ssj0012262 |
| 003 |
WaSeSS |
| 005 |
20200512172242.0 |
| 006 |
m d |
| 007 |
cr n |
| 008 |
940309c19949999mauwr pes 0 a0eng c |
| 010 |
|
|
|a sn 94033214
|
| 016 |
7 |
|
|a 100940497
|2 DNLM
|
| 022 |
|
|
|l 1077-8039
|y 1077-8039
|
| 032 |
|
|
|a 044700
|b USPS
|
| 035 |
|
|
|a (WaSeSS)ssj0012262
|
| 040 |
|
|
|a FHM
|b eng
|c FHM
|d IUL
|d WAU
|d NSD
|d IUL
|d NYG
|d VA@
|d NLM
|d OCLCQ
|d NLGGC
|d GK8
|d HNK
|d MBB
|d OCLCQ
|d CBU
|d DLC
|d OCLCQ
|d OCLCF
|d OCLCQ
|d OCLCO
|d OVY
|d OCLCO
|d GRR
|d OCLCO
|d RDF
|d NJR
|d QE2
|d CPO
|d OCLCO
|d OCLCQ
|d OCLCO
|d MNU
|d OCLCO
|d BUF
|d OCLCO
|d FUG
|d WaSeSS
|
| 042 |
|
|
|a nsdp
|a pcc
|
| 043 |
|
|
|a n-us---
|
| 050 |
0 |
0 |
|a HG1
|b .B3
|
| 082 |
1 |
0 |
|a 332
|2 12
|
| 130 |
0 |
|
|a Barron's (Chicopee, Mass.)
|
| 210 |
0 |
|
|a Barron's
|b (Chicopee Mass.)
|
| 222 |
|
0 |
|a Barron's
|b (Chicopee, Mass.)
|
| 245 |
1 |
0 |
|a Barron's
|h [electronic resource].
|
| 260 |
|
|
|a Chicopee, Mass. :
|b Dow Jones & Co.,
|c 1994-
|
| 310 |
|
|
|a Weekly
|
| 362 |
0 |
|
|a Vol. 74, no. 10 (Mar. 7, 1994)-
|
| 500 |
|
|
|a Title from caption.
|
| 506 |
|
|
|a License restrictions may limit access.
|
| 520 |
|
|
|a "The Dow Jones business and financial weekly."
|
| 588 |
|
|
|a Latest issue consulted: Vol. 87, no. 3 (Jan. 15, 2007).
|
| 650 |
|
0 |
|a Investments
|v Periodicals.
|
| 650 |
|
0 |
|a Finance
|v Periodicals.
|
| 650 |
|
0 |
|a Finance
|z United States
|v Periodicals.
|
| 650 |
|
7 |
|a Finance.
|2 fast
|0 (OCoLC)fst00924349
|
| 650 |
|
7 |
|a Investments.
|2 fast
|0 (OCoLC)fst00978234
|
| 650 |
1 |
7 |
|a Financiën.
|2 gtt
|
| 651 |
|
7 |
|a United States.
|2 fast
|0 (OCoLC)fst01204155
|
| 655 |
|
0 |
|a Electronic journals.
|
| 776 |
0 |
8 |
|i Microfilm version:
|t Barron's (Chicopee, Mass. : Microfilm, UMI)
|w (DLC)sf 96090324
|w (OCoLC)31018208
|
| 780 |
0 |
0 |
|t Barron's national business and financial weekly
|x 0005-6073
|w (DLC) 23018506
|w (OCoLC)5344526
|
| 850 |
|
|
|a DLC
|a InU
|a N
|a WaU
|
| 853 |
2 |
0 |
|8 1
|a v.
|b no.
|u 52
|v r
|i (year)
|j (month)
|k (day)
|w w
|
| 856 |
4 |
0 |
|z Full text available from Research Library: 03/07/1994 to present
|u https://search.proquest.com/publication/10337
|
| 863 |
4 |
1 |
|8 1.1
|a [81]
|b [51]
|i [2001]
|j [12]
|k [17]
|